[Event "Warsaw YMCA Autumn-D 128th"]
[Site "Warsaw"]
[Date "2013.09.17"]
[Round "1"]
[White "Sobotka, Jan"]
[Black "Golecki, Jan"]
[Result "1-0"]
[WhiteElo "1583"]
[BlackElo "1609"]
[PlyCount "97"]
[EventDate "2013.09.17"]
[EventType "tourn"]
[EventRounds "11"]
[EventCountry "POL"]
[SourceTitle "EXT 2015"]
[Source "ChessBase"]
[SourceDate "2014.11.20"]
[SourceVersion "1"]
[SourceVersionDate "2014.11.20"]
[SourceQuality "1"]

1. d4 Nf6 2. c4 g6 3. Nc3 Bg7 4. Nf3 0-0 5. Bf4 d6 6. e3 Nbd7 7. Be2 Re8 8. h3 c6 9. 0-0 a5 10. Qc2 e5 11. dxe5 Nxe5 12. Rad1 Qe7 13. Rd2 Bf5 14. Qb3 Ne4 15. Nxe4 Bxe4 16. Nd4 a4 17. Qd1 g5 18. Bh2 Bg6 19. Nf3 Nxf3+ 20. Bxf3 Be5 21. Bxe5 dxe5 22. Rd7 Qb4 23. Qc1 Bf5 24. Rd2 Be6 25. Be2 b5 26. cxb5 cxb5 27. a3 Qa5 28. Rc2 Rac8 29. Qd2 Qxd2 30. Rxd2 Bc4 31. Rfd1 Bxe2 32. Rxe2 Red8 33. Red2 Rxd2 34. Rxd2 Rc1+ 35. Kh2 Rc5 36. e4 f6 37. Kg3 h5 38. Kf3 Kf7 39. Ke3 Ke7 40. g3 Ke6 41. f4 exf4+ 42. gxf4 gxf4+ 43. Kxf4 f5 44. exf5+ Rxf5+ 45. Ke4 Rc5 46. Rg2 Rc4+ 47. Kd3 Kf5 48. Rf2+ Kg5 49. Re2 1-0

[Event "Warsaw-ch opB 66th"]
[Site "Warsaw"]
[Date "2013.05.16"]
[Round "6"]
[White "Sobotka, Jan"]
[Black "Budrewicz, Henryk"]
[Result "1-0"]
[WhiteElo "1578"]
[BlackElo "1573"]
[PlyCount "173"]
[EventDate "2013.05.11"]
[EventType "swiss"]
[EventRounds "9"]
[EventCountry "POL"]
[SourceTitle "CBM 154 Extra"]
[Source "ChessBase"]
[SourceDate "2013.06.25"]
[SourceVersion "2"]
[SourceVersionDate "2013.06.25"]
[SourceQuality "1"]

1. e4 e6 2. d4 b6 3. Bd3 Bb7 4. Nc3 Bb4 5. a3 Bxc3+ 6. bxc3 f5 7. Qe2 Nf6 8. Bg5 h6 9. Bxf6 Qxf6 10. f3 0-0 11. e5 Qe7 12. h4 c5 13. Qf2 Nc6 14. Ne2 Rac8 15. Nf4 Qf7 16. h5 Ne7 17. Qg3 c4 18. Be2 Kh7 19. Qh4 Nd5 20. Ng6 Rfe8 21. Kd2 Ne7 22. Nf4 Red8 23. Rhg1 d6 24. exd6 Rxd6 25. g4 e5 26. Ng6 Nxg6 27. hxg6+ Rxg6 28. g5 exd4 29. Qxd4 Qd5 30. Qxd5 Bxd5 31. gxh6 Rxh6 32. Rh1 g5 33. Rxh6+ Kxh6 34. Rh1+ Kg6 35. Ra1 f4 36. a4 Rd8 37. Kc1 Re8 38. Kd2 Re3 39. Rf1 a6 40. Rb1 Re6 41. Rb4 Rc6 42. Rb1 Kf5 43. Rh1 Rd6 44. Ke1 Re6 45. Kf2 Rc6 46. Rb1 Re6 47. Rb4 Rc6 48. Rb1 Be6 49. Rb4 Ke5 50. Rb1 Kd6 51. Rg1 Rc5 52. Rh1 Ra5 53. Rh5 Re5 54. Rh6 Kc5 55. Rh7 b5 56. Rc7+ Kb6 57. Re7 Re3 58. axb5 a5 59. Rg7 Rxc3 60. Rg6 Rxc2 61. Rxe6+ Kxb5 62. Re5+ Kb4 63. Ke1 a4 64. Kd1 Rc3 65. Re8 a3 66. Rb8+ Kc5 67. Rc8+ Kb4 68. Rb8+ Ka4 69. Ra8+ Kb3 70. Rb8+ Ka2 71. Rb4 Re3 72. Bxc4+ Ka1 73. Rb3 Rxb3 74. Bxb3 Kb2 75. Be6 a2 76. Bxa2 Kxa2 77. Kc2 Ka3 78. Kc3 Ka4 79. Kd4 Kb4 80. Ke4 Kc4 81. Kf5 Kd4 82. Kxg5 Ke3 83. Kg4 Kd4 84. Kxf4 Kd5 85. Kf5 Kd6 86. Kf6 Kd7 87. Kf7 1-0